| 000 | 004920000a22001570004500 | ||
|---|---|---|---|
| 003 | MACL | ||
| 005 | 20170810123234.0 | ||
| 008 | 170810b xxu||||| |||| 00| 0 eng d | ||
| 040 | _cmacl | ||
| 100 |
_aबंधोपाध्याय,ताराशंकर _968328 |
||
| 245 | _aन्यायधीश | ||
| 260 |
_bआरोग्य निधि _c2002 _aदिल्ली |
||
| 350 | _a125 | ||
| 650 |
_aउपन्यास _968605 |
||
| 942 |
_cHIN _k800/VAN/N _2ddc |
||
| 999 |
_c10250 _d10250 |
||